00385 2200145 4500245009800000250001100098100002300109650001600132650001700148005001900165260001800184041001400202084001400216336000900230 aKisah Hidupku b : Life is Beatiful, Smile and Feel Your HappinesscAndini Ayu PratiwihText aCet. 1 aAndini Ayu Pratiwi aKarya Siswa aAutobiografi a20250520105925 aJakartac2025 aIndonesia a081 AND k atext